Разработка инструментов обеспечения обратной связи в современных условиях онлайн обучения сотрудников университета английскому языку; Научные вести; № 12 (29)
| Parent link: | Научные вести № 12 (29).— 2020.— [С. 136-147] |
|---|---|
| Hovedforfatter: | |
| Institution som forfatter: | |
| Summary: | Заглавие с экрана В фокусе исследования эффективность дидактических, учебно-методических, организационных приемов реализации онлайн обучения научно-педагогических сотрудников университета английскому языку. Разработаны анкета, структурированный отзыв об обучении для получения обратной связи от слушателей программ повышения квалификации по английскому языку, реализуемых онлайн в условиях пандемии. Обсуждается структура, содержательное наполнение данных инструментов, позволяющих получать данные для верифицирования эффективности обучения. The research focuses on efficiency of didactic, teaching and methodology, and organizational means of online teaching and learning organization for training programmes in English for university research and teaching staff. A questionnaire and structured review were designed to provide feedback from participants of English language programmes delivered online during pandemic. The structure and content of feedback instruments are discussed to enable data obtainment for verification of teaching and learning efficiency. |
| Sprog: | russisk |
| Udgivet: |
2020
|
| Fag: | |
| Online adgang: | https://www.elibrary.ru/item.asp?id=44584245 |
| Format: | Electronisk Book Chapter |
| KOHA link: | https://koha.lib.tpu.ru/cgi-bin/koha/opac-detail.pl?biblionumber=665100 |
MARC
| LEADER | 00000naa0a2200000 4500 | ||
|---|---|---|---|
| 001 | 665100 | ||
| 005 | 20250127143932.0 | ||
| 035 | |a (RuTPU)RU\TPU\network\36299 | ||
| 035 | |a RU\TPU\network\33408 | ||
| 090 | |a 665100 | ||
| 100 | |a 20210811d2020 k||y0rusy50 ca | ||
| 101 | 0 | |a rus | |
| 102 | |a RU | ||
| 135 | |a drcn ---uucaa | ||
| 181 | 0 | |a i | |
| 182 | 0 | |a b | |
| 200 | 1 | |a Разработка инструментов обеспечения обратной связи в современных условиях онлайн обучения сотрудников университета английскому языку |d Feedback provision in current conditions of online training in English for university staff |f И. В. Слесаренко | |
| 203 | |a Текст |c электронный | ||
| 300 | |a Заглавие с экрана | ||
| 320 | |a [Библиогр.: 13 назв.] | ||
| 330 | |a В фокусе исследования эффективность дидактических, учебно-методических, организационных приемов реализации онлайн обучения научно-педагогических сотрудников университета английскому языку. Разработаны анкета, структурированный отзыв об обучении для получения обратной связи от слушателей программ повышения квалификации по английскому языку, реализуемых онлайн в условиях пандемии. Обсуждается структура, содержательное наполнение данных инструментов, позволяющих получать данные для верифицирования эффективности обучения. | ||
| 330 | |a The research focuses on efficiency of didactic, teaching and methodology, and organizational means of online teaching and learning organization for training programmes in English for university research and teaching staff. A questionnaire and structured review were designed to provide feedback from participants of English language programmes delivered online during pandemic. The structure and content of feedback instruments are discussed to enable data obtainment for verification of teaching and learning efficiency. | ||
| 461 | |t Научные вести | ||
| 463 | |t № 12 (29) |v [С. 136-147] |d 2020 | ||
| 510 | 1 | |a Feedback provision in current conditions of online training in English for university staff |z eng | |
| 610 | 1 | |a электронный ресурс | |
| 610 | 1 | |a труды учёных ТПУ | |
| 610 | 1 | |a анкеты | |
| 610 | 1 | |a обратная связь | |
| 610 | 1 | |a эффективность | |
| 610 | 1 | |a онлайн-обучение | |
| 610 | 1 | |a повышение квалификации | |
| 610 | 1 | |a английский язык | |
| 610 | 1 | |a научно-педагогические работники | |
| 700 | 1 | |a Слесаренко |b И. В. |c лингвист |c заведующий кафедрой, главный эксперт Томского политехнического университета, кандидат педагогических наук |f 1975- |g Инга Валерьевна |3 (RuTPU)RU\TPU\pers\24484 |9 10807 | |
| 712 | 0 | 2 | |a Национальный исследовательский Томский политехнический университет |b Учебно-научный центр "Организация и технологии высшего профессионального образования" (УНЦ ОТВПО) |3 (RuTPU)RU\TPU\col\27357 |
| 801 | 2 | |a RU |b 63413507 |c 20210811 |g RCR | |
| 856 | 4 | |u https://www.elibrary.ru/item.asp?id=44584245 | |
| 942 | |c CF | ||